000 00690nam a2200289Ia 4500
005 20260324141959.0
008 008 260324s9999 xx 000 0 eng d
020 _a9781003067894
037 _aEBOOK
040 _aCRL
040 _beng
040 _cCRL
041 _2eng
041 _aeng
084 _qCRL
100 _aBoris V. Gnedenko; Victor Yu. Korolev
_91210238
245 0 _aRandom Summation
245 0 _bLimit Theorems and Applications
260 _bTaylor and Francis
260 _c1996
365 _a
365 _b465
856 _uhttp://www.taylorfrancis.com/books/9781003067894
942 _cEBOOK
999 _c1813912
_d1813912